000 005600000a22001810004500
003 MACL
005 20160610164717.0
008 160610b xxu||||| |||| 00| 0 eng d
040 _aMACL
_cmacl
041 _aHindi
082 _a800
100 _aचतुर्वेदी, गोपाल
_953031
245 _aगंगा से गटर तक
_cगोपाल चतुर्वेदी
260 _bज्ञान गंगा
_c1997
_aनई दिल्‍ली
350 _a150
650 _aLiterature
_964054
942 _cHIN
_k800
_2ddc
999 _c47101
_d47101